| 000 | 00559nam a22001577a 4500 | ||
|---|---|---|---|
| 082 |
_a621.31 _bFAT |
||
| 100 |
_aFatima Surayya (364539) _9124854 |
||
| 245 | _aOptimal energy management of grid connected solar photovoltaic with battery energy storage system under various tariff regimes across different climatic zones/ | ||
| 264 |
_aIslamabad : _bUSPCAS-E, NUST _cApril, 2024. |
||
| 300 |
_axii, 48 p. _e+CD |
||
| 520 | _aTH-575 | ||
| 650 | _aMS EEP Thesis | ||
| 650 |
_aMS Thesis _918721 |
||
| 700 |
_aDr. Syed Ali Abbas Kazmi _9117439 |
||
| 942 |
_2ddc _cTHE |
||
| 999 |
_c610638 _d610638 |
||